000 00534nam a2200205Ia 4500
003 GCL
008 140319s9999 xx 000 0 eng d
040 _aGCL /
_cGCL
082 0 4 _aCC
_b932
_bF D
100 1 _aISKANDER, ZAKI
245 1 0 _aTHE DISCOVERY OF NEFER WPTAH /
_cISKANDER, ZAKI
700 1 _aFARAG, NAGIB
260 _a[S.N] :
_bANTIQUITIES DEPARTMENT OF EGYPT ،
_c1971
300 _a131+54 PL
650 0 4 _aANCIENT EGYPT
650 0 4 _aHISTORY
650 0 4 _aARCHAEOLOGY
650 0 4 _aEXCAVACTIONS
942 _2ddc
_cBK
999 _c15837
_d15837